000 00877nam a22002417a 4500
999 _c64647
_d64647
005 20240530110742.0
008 181108s2017 ua adf g 000 0|ara d
017 _a2016/7240
_bمصر. دار الكتب
020 _a9789774385965
040 _aEG-CaGPL
_cEG-CaGPL
082 0 4 _221
_a938.08 /
_bم ن
100 0 _aمحمد السيد عبدالغنى
245 1 2 _aالنقوش اليونانية واللاتينية /
_cمحمد السيد عبدالغنى
250 _aط.1
260 _aالاسكندرية :
_bالمكتب الجامعى الحديث ،
_c2017.
300 _a277 ص. :
_bايض ؛
_c24 سم.
650 0 7 _2qrmak
_aالنقوش اليونانية
650 0 7 _2qrmak
_aالنقوش اللاتينية
650 0 7 _2qrmak
_aالنقوش المعمارية
651 _2qrmak
942 _2ddc
_cBK